[Event "World Amateur U2300"]
[Site "Spoleto ITA"]
[Date "2017.04.06"]
[Round "7.1"]
[White "Ugrenovic,B"]
[Black "Ghannoum,M"]
[Result "0-1"]
[WhiteElo "2225"]
[BlackElo "2234"]

1.Nf3 f5 2.e4 fxe4 3.Ng5 e5 4.d3 e3 5.Bxe3 Nc6 6.g3 d5 7.Bg2 Be7 8.h4 Nf6
9.O-O O-O 10.c4 d4 11.Bc1 Bg4 12.f3 Bf5 13.Qe2 h6 14.Nh3 Bd6 15.Nf2 Nh5 16.Kh2
e4 17.f4 Nxg3 18.Kxg3 e3 19.Ne4 Bxe4 20.Bxe4 Rxf4 21.Rxf4 Qf6 22.Qg4 Rf8
23.Na3 Qe5 24.Bxe3 dxe3 25.Rf1 e2 26.Qxe2 Rxf4 27.Rxf4 Qxf4+ 28.Kg2 Qxh4
29.Bd5+ Kf8 30.Qf3+ Qf4 31.Bxc6 bxc6 32.Qxc6 Qd2+ 33.Kg1 Qc1+ 34.Kf2 Qxb2+
35.Ke3 Qe5+ 36.Kd2 Bxa3 37.Qa8+ Kf7 38.Qxa7 Bb4+ 39.Kc2 Qc3+ 40.Kb1 Qxd3+
41.Kb2 Ba3+ 42.Qxa3 Qxa3+ 43.Kxa3 h5 {#R} 0-1

[Event "World Amateur U2300"]
[Site "Spoleto ITA"]
[Date "2017.04.06"]
[Round "7.2"]
[White "Win,T"]
[Black "Zhunussov,B"]
[Result "1-0"]
[WhiteElo "2230"]
[BlackElo "2306"]

1.Nf3 Nf6 2.g3 d5 3.Bg2 c5 4.d4 Nc6 5.O-O e6 6.c4 dxc4 7.Qa4 Bd7 8.dxc5 Qa5
9.Qxa5 Nxa5 10.Bd2 Nc6 11.Na3 Bxc5 12.Nxc4 O-O 13.Rac1 Rac8 14.Rfd1 Rfd8
15.Be1 Be8 16.a3 Be7 17.e3 h6 18.h3 Nd5 19.e4 Nf6 20.e5 Nd5 21.Bd2 b6 22.Bf1
Nb8 23.Ne3 Bc6 24.Nd4 Bb7 25.Rxc8 Rxc8 26.Nxd5 Bxd5 27.Bc3 a6 28.Rc1 Bc5
29.Ne2 Rd8 30.b4 Bf8 31.Bd4 b5 32.Bb6 Re8 33.Rc7 Nc6 34.f4 Be7 35.Nc3 Bf3
36.Kf2 Bh1 37.Kg1 Bf3 38.Kf2 Bh1 39.Bg2 Bxg2 40.Kxg2 Nb8 41.Ne4 Kf8 42.Kf3 Rd8
43.Rb7 Rc8 44.Nd6 Bxd6 45.exd6 g6 46.Bc5 Kg7 47.d7 Rd8 48.Rxb8 {#r} 1-0

[Event "World Amateur U2300"]
[Site "Spoleto ITA"]
[Date "2017.04.06"]
[Round "7.8"]
[White "Maddens,M"]
[Black "Itgelt,Khuyagtsogt"]
[Result "1-0"]
[WhiteElo "2206"]
[BlackElo "2099"]

1.e4 c6 2.d4 d5 3.e5 g6 4.c4 Bg7 5.Nc3 Nh6 6.Bf4 Nf5 7.Nf3 h5 8.h3 Be6 9.b3
Qd7 10.Ng5 Na6 11.Nxe6 fxe6 12.Be3 c5 13.Bd3 dxc4 14.bxc4 cxd4 15.Bxf5 exf5
16.Bxd4 Qc6 17.O-O Qxc4 18.Rc1 O-O 19.Ne2 Qf7 20.e6 Qxe6 21.Bxg7 Kxg7 22.Nf4
Qe4 23.Re1 Qxf4 24.Rxe7+ Kh6 25.g3 Qg5 {#r} 1-0

[Event "World Amateur U2300"]
[Site "Spoleto ITA"]
[Date "2017.04.06"]
[Round "7.10"]
[White "Rahul Kumar,P"]
[Black "Sie Thu"]
[Result "1-0"]
[WhiteElo "2228"]
[BlackElo "2144"]

1.d4 Nf6 2.Bf4 g6 3.Nc3 Bg7 4.Qd2 O-O 5.e4 d6 6.Nf3 c6 7.Be2 Nbd7 8.Bh6 b5
9.Bxg7 Kxg7 10.a3 Bb7 11.e5 Ne8 12.h4 dxe5 13.h5 f6 14.hxg6 hxg6 15.Qh6+ Kf7
16.Bd3 Rg8 17.Qh7+ Ng7 18.Ne4 {#r} 1-0

[Event "World Amateur U2300"]
[Site "Spoleto ITA"]
[Date "2017.04.06"]
[Round "7.12"]
[White "Cech,D"]
[Black "Bigabylov"]
[Result "0-1"]
[WhiteElo "2172"]
[BlackElo "2186"]

1.e4 c5 2.Nf3 Nc6 3.d4 cxd4 4.Nxd4 Nf6 5.Nc3 e5 6.Ndb5 d6 7.Bg5 a6 8.Na3 b5
9.Nd5 Be7 10.Bxf6 Bxf6 11.c4 b4 12.Nc2 Rb8 13.b3 O-O 14.g3 Be7 15.Bg2 Be6
16.O-O Qd7 17.Qd3 Bd8 18.Rfd1 Qa7 19.Qd2 Qc5 20.Nde3 Be7 21.Qd3 g6 22.Nd5 Bd8
23.a3 a5 24.axb4 axb4 25.Qe3 f5 26.Ra6 Rc8 27.Qd2 fxe4 28.Bxe4 Bg4 29.Rf1 Bh3
30.Bg2 Bxg2 31.Kxg2 Rb8 32.h4 Rb7 33.Qe3 Na5 34.Qd3 Rbf7 35.Nde3 Nb7 36.Qd2
Qc8 37.Qxb4 Nc5 38.Rxd6 Ne4 39.Rxd8 Qxd8 40.f3 Qd3 41.Qe1 Nd2 42.Nb4 Qd8
43.Rf2 Nxf3 44.Qc3 Nxh4+ {#R} 0-1

[Event "World Amateur U2300"]
[Site "Spoleto ITA"]
[Date "2017.04.06"]
[Round "7.14"]
[White "Grinev,B"]
[Black "Grasso,Gae"]
[Result "0-1"]
[WhiteElo "2129"]
[BlackElo "2201"]

1.d4 Nf6 2.Bf4 g6 3.Nc3 Bg7 4.Qd2 c5 5.Nf3 cxd4 6.Nxd4 Nc6 7.Nb3 O-O 8.Bh6
Bxh6 9.Qxh6 b5 10.Nxb5 Qb6 11.e3 Nb4 12.Na3 a5 13.Qg5 a4 14.Qc5 Qb8 15.Nd4 Na6
16.Qb5 Bb7 17.f3 Nc7 18.Qe5 d6 19.Qg5 Bxf3 20.Bd3 Qb4+ 21.Kf2 Be4 22.Ke2 Ra5
23.Qg3 e5 24.Nc4 Rc5 25.a3 Qb7 26.Qh4 Bxd3+ 27.cxd3 Qxg2+ 28.Qf2 Qxf2+ 29.Kxf2
exd4 30.exd4 Rf5+ {#R} 0-1

[Event "World Amateur U2300"]
[Site "Spoleto ITA"]
[Date "2017.04.06"]
[Round "7.15"]
[White "Tolibayev,Timur"]
[Black "Bognar,C"]
[Result "0-1"]
[WhiteElo "2053"]
[BlackElo "2166"]

1.d4 Nf6 2.Nf3 g6 3.e3 Bg7 4.Be2 O-O 5.O-O d6 6.b3 Nbd7 7.Bb2 e6 8.c4 Ne8
9.Nc3 f5 10.b4 e5 11.dxe5 Nxe5 12.Qc2 Be6 13.Nxe5 dxe5 14.Rfd1 Qh4 15.g3 Qe7
16.c5 c6 17.Nb1 Nc7 18.Bc4 Rad8 19.Bxe6+ Qxe6 20.Nd2 Nd5 21.Qb3 e4 22.Bxg7
Kxg7 23.Nc4 g5 24.Nd6 Rd7 25.Rd4 Qg6 26.Kh1 Re7 27.Rad1 Kh6 28.Qc4 a6 29.a3
Qh5 30.Re1 Kg6 31.Kg1 Nf6 32.Qf1 Ng4 33.Qg2 Ne5 34.Red1 Nf3+ 35.Kh1 Nxd4
36.Rxd4 Qf3 37.a4 Kf6 38.a5 Ke6 39.g4 fxg4 40.Rxe4+ Kd7 41.Qxf3 Rxf3 42.Rxg4
Rxf2 43.e4 Ke6 44.Rxg5 Rb2 45.Nf5 Rd7 {#R} 0-1

[Event "World Amateur U2300"]
[Site "Spoleto ITA"]
[Date "2017.04.06"]
[Round "7.16"]
[White "Fiori,H"]
[Black "Faraoni,E"]
[Result "0-1"]
[WhiteElo "2158"]
[BlackElo "2062"]

1.e4 e6 2.Nf3 d5 3.e5 c5 4.b4 cxb4 5.a3 Qa5 6.Bb2 Nc6 7.c3 b3 8.Qxb3 Qc7 9.d4
f6 10.exf6 Nxf6 11.Bb5 Bd6 12.O-O O-O 13.Nbd2 Ne4 14.g3 Na5 15.Qc2 Nxd2
16.Nxd2 e5 17.dxe5 Bc5 18.Nb3 Nxb3 19.Qxb3 Bh3 20.Qxd5+ Kh8 21.Qe4 Qb6 22.Bd3
Bf5 23.Qe2 Bxd3 24.Qxd3 Qxb2 25.Rab1 Qa2 26.Ra1 Qe6 27.Qe4 Rad8 28.Kh1 Bxf2
29.Rad1 Rxd1 30.Rxd1 Bc5 31.a4 b6 32.c4 h6 33.Qd5 Qh3 34.Qg2 Qh5 35.Re1 Rf2
36.g4 Qh4 {#R} 0-1

[Event "World Amateur U2300"]
[Site "Spoleto ITA"]
[Date "2017.04.06"]
[Round "7.23"]
[White "Quinzio,M"]
[Black "Zaika,Daniil"]
[Result "0-1"]
[WhiteElo "2013"]
[BlackElo "2128"]

1.d4 e6 2.Nf3 b6 3.Bf4 Bb7 4.e3 g6 5.Nbd2 Bg7 6.c3 Ne7 7.a4 a6 8.Bd3 d6 9.e4
Nd7 10.Qe2 O-O 11.O-O e5 12.Bg5 h6 13.Bxe7 Qxe7 14.dxe5 dxe5 15.Bc4 Kh7 16.Ne1
Nc5 17.b4 Ne6 18.Nd3 Nf4 19.Nxf4 exf4 20.Rac1 a5 21.b5 Qa3 22.Rc2 Rae8 23.Qd3
f5 24.exf5 Rxf5 25.Nb1 Qc5 26.Re2 Rg5 27.g3 fxg3 28.hxg3 Rxe2 29.Qxe2 Rxg3+
{#R} 0-1

[Event "World Amateur U2300"]
[Site "Spoleto ITA"]
[Date "2017.04.06"]
[Round "7.24"]
[White "Calandri,F"]
[Black "Ehab,Mo"]
[Result "0-1"]
[WhiteElo "2107"]
[BlackElo "2024"]

1.e4 d6 2.d4 Nf6 3.Nc3 g6 4.Nf3 Bg7 5.Be2 O-O 6.O-O c6 7.h3 a5 8.e5 Nd5 9.Ne4
dxe5 10.dxe5 Bf5 11.Ng3 Be6 12.c4 Nb4 13.Bf4 Nd7 14.a3 Na6 15.Qc1 Qb6 16.Rd1
Nac5 17.Rb1 a4 18.Qe3 Nb3 19.Qc3 f6 20.exf6 Bxf6 21.Qe3 Qxe3 22.Bxe3 Ne5
23.Nxe5 Bxe5 24.Ne4 Rfd8 25.Rxd8+ Rxd8 26.Kf1 Bf5 27.f3 Bxe4 28.fxe4 Rd2 29.c5
Kg7 30.Bc4 Rxb2 31.Rd1 Rc2 32.Be6 Nxc5 33.Bxc5 Rxc5 34.Rd7 Kf6 35.Bg8 b5
36.Bxh7 Rc3 37.Rd2 Kg7 {#R} 0-1

[Event "World Amateur U2300"]
[Site "Spoleto ITA"]
[Date "2017.04.06"]
[Round "7.27"]
[White "Conti,J"]
[Black "Taksrud,V"]
[Result "0-1"]
[WhiteElo "2037"]
[BlackElo "1930"]

1.e4 Nc6 2.Nf3 e5 3.Bb5 Nd4 4.Bc4 Nxf3+ 5.Qxf3 Qf6 6.Qb3 Bc5 7.O-O Ne7 8.c3
O-O 9.d3 c6 10.a4 Ng6 11.Be3 d6 12.Nd2 Rb8 13.Nf3 Nf4 14.d4 Bb6 15.dxe5 dxe5
16.Bxb6 axb6 17.Qxb6 Qg6 18.Nh4 Nh3+ 19.Kh1 Qxe4 20.Qb4 Ng5 21.Rae1 Qf4 22.g3
Qf6 23.f4 c5 24.Qxc5 b6 25.Qxe5 Qxe5 26.Rxe5 Ne6 27.f5 Nc5 28.b3 Bb7+ 29.Kg1
Ne4 30.Rd1 Rbd8 31.Rxd8 Rxd8 32.Re7 Rd1+ 33.Kg2 Nd6+ 34.Kh3 Kf8 35.Rc7 Rd2
36.Bxf7 Be4 37.Bh5 Bc2 38.Nf3 Rf2 39.Nd4 Bd3 40.Ne6+ Kg8 41.Nxg7 Ne4 42.Ne6
Bf1+ 43.Kh4 Rxh2+ 44.Kg4 Nf6+ 45.Kg5 Nxh5 46.f6 h6+ 47.Kxh6 Ng7+ {#R} 0-1

[Event "World Amateur U2300"]
[Site "Spoleto ITA"]
[Date "2017.04.06"]
[Round "7.29"]
[White "Lujan,Nelson"]
[Black "Palma,Maria"]
[Result "0-1"]
[WhiteElo "2012"]
[BlackElo "1976"]

1.e4 e6 2.d4 d5 3.Nd2 Nc6 4.Ngf3 Nf6 5.e5 Nd7 6.c3 f6 7.exf6 Qxf6 8.Bb5 a6
9.Bxc6 bxc6 10.O-O Bd6 11.Re1 O-O 12.Qe2 Re8 13.Ne5 Bxe5 14.dxe5 Qf5 15.Nf1 a5
16.g4 Qg6 17.Ng3 Ba6 18.Qd1 Nc5 19.h4 Rf8 20.Re3 Nd3 21.f3 Nxc1 22.Rxc1 Qh6
23.Qd4 Rf4 24.Qc5 Rc4 {#R} 0-1

[Event "World Amateur U2300"]
[Site "Spoleto ITA"]
[Date "2017.04.06"]
[Round "7.30"]
[White "Petruccioli,A"]
[Black "Rivola,F"]
[Result "1-0"]
[WhiteElo "1986"]
[BlackElo "1913"]

1.Nf3 e6 2.c4 f5 3.d4 Nf6 4.Nc3 Bb4 5.a3 Bxc3+ 6.bxc3 b6 7.a4 Bb7 8.Ba3 d6
9.e3 Ne4 10.Qb3 c5 11.Be2 O-O 12.dxc5 dxc5 13.Rd1 Qc7 14.O-O Nd7 15.Ne1 Ne5
16.f3 Nf6 17.Nd3 Nxd3 18.Rxd3 Rad8 19.Rfd1 e5 20.Rxd8 Rxd8 21.Rxd8+ Qxd8
22.Bxc5 Qd2 23.Kf2 f4 24.exf4 Qxf4 25.Ba3 g5 26.Qd1 Ng4+ 27.Ke1 Ne3 28.Qd8+
Kg7 29.Qe7+ Kh6 30.Qe6+ Kg7 31.Kf2 Nf5 32.Bc1 Qxc1 33.Qxf5 Qf4 34.Qd7+ Qf7
35.Qd6 Qf6 36.Qc7+ Qf7 37.Qxe5+ Qf6 38.Qb8 Qe7 39.Qxa7 Qc5+ 40.Kf1 Qc7 41.a5
bxa5 42.Qd4+ Kf7 43.Qh8 Ke6 44.Qg8+ Kd6 45.Qxg5 a4 46.f4 a3 47.Qf6+ Kc5
48.Qd4+ {#r} 1-0

[Event "11th ch-SRB w 2017"]
[Site "Zemun SRB"]
[Date "2017.04.06"]
[Round "9.2"]
[White "Djukic,Sa"]
[Black "Miladinovic,L"]
[Result "0-1"]
[WhiteElo "2165"]
[BlackElo "2168"]

1.d4 Nf6 2.c4 e6 3.Nc3 Bb4 4.Nf3 c5 5.g3 cxd4 6.Nxd4 Qc7 7.Bg2 Qxc4 8.O-O Nc6
9.Ndb5 O-O 10.a3 Bxc3 11.Nxc3 d5 12.Bg5 Qd4 13.Rc1 Qe5 14.Bd2 Rd8 15.Qc2 Qh5
16.h4 Bd7 17.Bg5 Ne5 18.Rfd1 Bc6 19.b4 b6 20.b5 Bb7 21.Na2 Rac8 22.Qd2 Qg6
23.Nb4 h6 24.Bxf6 Qxf6 25.a4 Nc4 26.Qa2 Qe7 27.Qb1 Nd2 28.Qb2 Nc4 29.Qb1 Rc7
30.Rd3 Rdc8 31.Rcd1 Qf6 32.Rf3 Qb2 33.Qxb2 Nxb2 34.Ra1 Rc1+ 35.Rxc1 Rxc1+
36.Kh2 Rc4 37.Rb3 Nxa4 38.e3 Nc5 39.Rb2 Na4 40.Rb3 Rc3 41.Rb1 Ra3 42.Bf1 Nc3
43.Rb2 Kf8 44.Rc2 Ke7 45.Na2 Nxa2 46.Rc7+ Kf6 47.Rxb7 Nc3 48.g4 g5 {#R} 0-1

[Event "11th ch-SRB w 2017"]
[Site "Zemun SRB"]
[Date "2017.04.06"]
[Round "9.4"]
[White "Drljevic,L"]
[Black "Kovacevic,Radmila"]
[Result "0-1"]
[WhiteElo "2237"]
[BlackElo "2170"]

1.e4 e5 2.Nc3 Nf6 3.g3 d5 4.exd5 Bc5 5.Bg2 Bg4 6.Nge2 Nbd7 7.h3 Bh5 8.g4 Bg6
9.d3 Nb6 10.Bg5 h6 11.Bh4 Qd6 12.Ne4 Bxe4 13.dxe4 g5 14.Bg3 O-O-O 15.Qd3 c6
16.O-O-O Rhe8 17.Qf3 Nfd7 18.Nd4 Nc4 19.Nf5 Qc7 20.Qc3 b5 21.Bf1 Ndb6 22.Bxc4
Nxc4 23.h4 f6 24.hxg5 hxg5 25.Rh6 cxd5 26.exd5 Qb6 27.d6 Re6 28.Rd5 Bd4 29.Qf3
Bxb2+ 30.Kb1 Bd4 31.Rxd4 exd4 32.Rh1 Nd2+ {#R} 0-1

[Event "ch-KAZ Women 2017"]
[Site "Almaty KAZ"]
[Date "2017.04.06"]
[Round "4.1"]
[White "Bauyrzhan,Arnash"]
[Black "Karabayeva,Z"]
[Result "1-0"]
[WhiteElo "2050"]
[BlackElo "2066"]

1.e4 g6 2.d4 Bg7 3.Nf3 d6 4.Bc4 Nc6 5.c3 e6 6.d5 exd5 7.exd5 Nce7 8.O-O Nf6
9.Bb5+ Bd7 10.Bxd7+ Qxd7 11.c4 O-O 12.Nc3 Qg4 13.Qd3 a6 14.Bd2 h6 15.h3 Qd7
16.Rac1 b5 17.b3 b4 18.Ne2 a5 19.Nfd4 Rfd8 20.Qf3 Qc8 21.Bxh6 Bxh6 22.Qxf6 Qd7
23.Rcd1 Bg7 24.Qf3 a4 25.Nc2 c5 26.dxc6 Nxc6 27.Ned4 axb3 28.axb3 Nxd4 29.Nxd4
d5 30.Nc2 d4 31.Nxb4 Ra3 32.Rd3 Rda8 33.Nd5 Ra1 34.Rdd1 Rxd1 35.Nf6+ Bxf6
36.Qxa8+ Kg7 37.Rxd1 Qf5 38.Qf3 Qc2 39.Qd3 {#r} 1-0

[Event "ch-KAZ Women 2017"]
[Site "Almaty KAZ"]
[Date "2017.04.06"]
[Round "4.4"]
[White "Kairbekova,Amina"]
[Black "Davletbayeva,M"]
[Result "0-1"]
[WhiteElo "1768"]
[BlackElo "2291"]

1.e4 e5 2.Nf3 Nc6 3.d4 exd4 4.Nxd4 Nf6 5.Nxc6 bxc6 6.e5 Qe7 7.Qe2 Nd5 8.c4 Ba6
9.b3 Qh4 10.a3 Bc5 11.g3 Bxf2+ 12.Qxf2 Qe4+ 13.Kd1 Qxh1 14.Nd2 f6 15.cxd5 fxe5
16.Qg2 Qxg2 17.Bxg2 cxd5 18.Bxd5 O-O-O 19.Bb2 Rde8 20.Nc4 Rhf8 21.Ke1 Rf6
22.Rd1 Ref8 23.Kd2 c6 24.Bh1 Bxc4 25.bxc4 Rd6+ 26.Bd5 cxd5 27.Bxe5 Re6 28.Bxg7
Rf2+ 29.Kc3 dxc4 30.Bd4 Rxh2 31.Bxa7 Rg2 32.Kxc4 Rxg3 33.Bc5 Rc6 34.Kb4 Rg4+
{#R} 0-1

[Event "ch-Moscow Final 2017"]
[Site "Moscow RUS"]
[Date "2017.04.05"]
[Round "5.2"]
[White "Savenkov,K"]
[Black "Lomasov,Semen"]
[Result "1-0"]
[WhiteElo "2324"]
[BlackElo "2489"]

1.Nf3 Nf6 2.g3 Nc6 3.Bg2 e5 4.d3 d5 5.c3 a5 6.O-O g6 7.Qc2 Bg7 8.e4 O-O 9.Nbd2
h6 10.b3 Be6 11.a3 Qd7 12.Re1 Bh3 13.Bh1 Rfd8 14.Bb2 dxe4 15.dxe4 Qd3 16.Qxd3
Rxd3 17.Bg2 Bxg2 18.Kxg2 Rad8 19.Re2 h5 20.b4 h4 21.h3 hxg3 22.fxg3 Nh5 23.Nc4
a4 24.Ne3 Ne7 25.Ng4 f5 26.Nf2 R3d6 27.c4 f4 28.g4 Ng3 29.Ree1 Nc6 30.c5 R6d7
31.Rac1 Re7 32.Rcd1 Rde8 33.Rd3 Nd8 34.Red1 Nf7 35.g5 Ra8 36.h4 Kf8 37.Nd2 Ke8
38.Nc4 Nd8 39.Kf3 Nc6 40.Ng4 Nd4+ 41.Bxd4 exd4 42.e5 Nf5 43.Nf6+ Kf7 44.Kxf4
Nxh4 45.Rxd4 Nf5 46.Rd7 Rh8 47.e6+ Kxe6 48.Re1+ Kf7 49.Ne5+ {#r} 1-0

[Event "ch-Moscow Final 2017"]
[Site "Moscow RUS"]
[Date "2017.04.05"]
[Round "5.4"]
[White "Sarana,A"]
[Black "Naumkin,I"]
[Result "1-0"]
[WhiteElo "2464"]
[BlackElo "2426"]

1.d4 e6 2.Nf3 f5 3.g3 Nf6 4.Bg2 Be7 5.c4 O-O 6.O-O d6 7.Nc3 a5 8.b3 Qe8 9.Bb2
Qh5 10.Qd3 d5 11.Ne5 c6 12.e3 Nbd7 13.Ne2 Ne4 14.Nf4 Qh6 15.Nxd7 Bxd7 16.Qe2
Bd6 17.Nd3 Be8 18.f3 Ng5 19.Ne5 Nf7 20.Nd3 Ng5 21.Nf4 Bd7 22.a4 b6 23.Ba3 Bxa3
24.Rxa3 Qf6 25.Qd2 Rfd8 26.Nd3 Nf7 27.f4 Bc8 28.Rc1 Ba6 29.Ra2 Rab8 30.Rac2
dxc4 31.bxc4 c5 32.dxc5 bxc5 33.Qxa5 Rxd3 34.Qxa6 Rxe3 35.Qa7 Rc8 36.Rd2 h5
37.a5 Ra3 38.a6 Rd8 39.Rdd1 Rxd1+ 40.Rxd1 Ra1 41.Qd7 Qc3 42.a7 Nh6 43.a8=Q+
Rxa8 44.Bxa8 Qe3+ 45.Kh1 Ng4 46.Qe8+ Kh7 47.Qxh5+ {#r} 1-0

[Event "ch-Moscow Final 2017"]
[Site "Moscow RUS"]
[Date "2017.04.05"]
[Round "5.10"]
[White "Denishev,M"]
[Black "Kovtunenko,A"]
[Result "1-0"]
[WhiteElo "2333"]
[BlackElo "2097"]

1.d4 Nf6 2.Nf3 g6 3.c4 Bg7 4.Nc3 O-O 5.e4 d6 6.Be2 e5 7.d5 a5 8.Bg5 h6 9.Bh4
Na6 10.Nd2 Qe8 11.a3 Bd7 12.b3 Nh7 13.f3 h5 14.Bf2 Bh6 15.O-O Qe7 16.Re1 h4
17.Kh1 Nc5 18.Rb1 f5 19.Bf1 Nf6 20.Bxh4 g5 21.Bf2 g4 22.b4 axb4 23.axb4 gxf3
24.gxf3 Ra3 25.Qc2 Qh7 26.bxc5 Bf4 27.h4 fxe4 28.Ndxe4 Nxe4 29.Rxe4 Bf5 30.Bd3
Bxe4 31.Nxe4 Qf5 32.Rg1+ Kh8 33.Rg4 Ra1+ 34.Kg2 Be3 35.Qe2 Bd4 36.Bxd4 exd4
37.Nxd6 Qf6 38.Qe4 Ra2+ 39.Kg3 Qh6 40.Qe5+ Rf6 41.Nf7# 1-0

[Event "ch-Moscow Final 2017"]
[Site "Moscow RUS"]
[Date "2017.04.05"]
[Round "5.11"]
[White "Cherenkov,And"]
[Black "Salman,P"]
[Result "0-1"]
[WhiteElo "2190"]
[BlackElo "2295"]

1.e4 c5 2.Nc3 e6 3.Nge2 a6 4.g3 Nc6 5.Bg2 g6 6.d4 cxd4 7.Nxd4 Bg7 8.Be3 Nge7
9.h4 O-O 10.h5 Ne5 11.hxg6 fxg6 12.Qe2 b5 13.a4 b4 14.Na2 N5c6 15.Rd1 Nxd4
16.Bxd4 Bxd4 17.Rxd4 Nc6 18.Rd1 a5 19.Qe3 Ba6 20.e5 Qc7 21.f4 Rac8 22.Nc1 Ne7
23.Rd2 Bb7 24.Nd3 Nf5 25.Qg1 Bxg2 26.Rxg2 Qc4 27.b3 Qc3+ 28.Kf1 Nd4 29.Ne1 Qa1
30.Qh2 Rf7 31.Rf2 Nf5 32.Kg2 Qd1 33.Nf3 Qd5 34.Kh3 Rc3 35.Rhf1 Ne3 36.Rg1 Qe4
37.Nh4 Nxc2 38.Re2 Ne3 39.Rge1 Rxf4 40.Rxe3 Rxe3 41.Rxe3 Rxh4+ 42.gxh4 Qxe3+
43.Kg2 Qe2+ {#R} 0-1

[Event "ch-Moscow Final 2017"]
[Site "Moscow RUS"]
[Date "2017.04.05"]
[Round "5.15"]
[White "Kurdakov,Y"]
[Black "Makarian,Rudik"]
[Result "1-0"]
[WhiteElo "2152"]
[BlackElo "2207"]

1.Nf3 c5 2.c4 b6 3.Nc3 Bb7 4.e4 d6 5.d4 cxd4 6.Nxd4 Nf6 7.f3 e6 8.Be3 Be7
9.Qa4+ Nfd7 10.Rd1 a6 11.Qc2 O-O 12.Be2 Nc6 13.Nxc6 Bxc6 14.Qd2 Qb8 15.Bf4 Ne5
16.a4 Rd8 17.O-O Qb7 18.Qc2 Rac8 19.Qb3 Qc7 20.Qa2 Bb7 21.Rc1 Qc5+ 22.Kh1 Nc6
23.Nd5 Bf6 24.Nxf6+ gxf6 25.Qb3 Qb4 26.Qd1 Kf8 27.Rc3 Na5 28.Bd2 Qxb2 29.Rd3
Qa2 30.Bc3 Ke7 31.Rd2 Qa3 32.Qc2 Nxc4 33.Bxc4 Rxc4 34.Bxf6+ Kxf6 35.Qxc4 Qc5
36.Qb3 Rc8 37.Rfd1 d5 38.exd5 Bxd5 39.Qb2+ Ke7 40.h3 h5 {#r} 1-0

[Event "ch-Moscow Final 2017"]
[Site "Moscow RUS"]
[Date "2017.04.05"]
[Round "5.16"]
[White "Koshevoy,S"]
[Black "Mikhailovsky,Vladimir"]
[Result "0-1"]
[WhiteElo "2206"]
[BlackElo "2175"]

1.d4 Nf6 2.c4 b6 3.Nc3 Bb7 4.Qc2 d6 5.e4 Nc6 6.d5 Nd4 7.Qd3 e5 8.Nge2 Nxe2
9.Bxe2 g6 10.O-O Bg7 11.Bg5 h6 12.Be3 O-O 13.b4 a5 14.a3 Nd7 15.Qd2 Kh7 16.Na4
f5 17.f3 fxe4 18.fxe4 Rxf1+ 19.Bxf1 axb4 20.axb4 Qh4 21.Bd3 Nf6 22.Ra2 Nxe4
23.Qc1 b5 24.g3 Qg4 25.Be2 Qf5 26.cxb5 Bxd5 27.Ra3 Rf8 28.Qe1 Ng5 29.Bxg5 Qe4
30.Rf3 Rxf3 {#R} 0-1

[Event "ch-Moscow Final 2017"]
[Site "Moscow RUS"]
[Date "2017.04.05"]
[Round "5.17"]
[White "Kornilovich,D"]
[Black "Voronkov,D"]
[Result "0-1"]
[WhiteElo "2202"]
[BlackElo "2149"]

1.e4 e6 2.d4 d5 3.Nc3 Nf6 4.e5 Nfd7 5.f4 c5 6.Nf3 Nc6 7.Be3 a6 8.Qd2 Be7 9.Be2
O-O 10.O-O f6 11.exf6 Nxf6 12.Kh1 cxd4 13.Nxd4 Bd6 14.Bf3 Kh8 15.Rae1 e5
16.Nxc6 bxc6 17.fxe5 Bxe5 18.Bg5 Qc7 19.h3 a5 20.Ne2 Ba6 21.b3 Rae8 22.Rc1
Bxe2 23.Qxe2 Bb2 24.Qa6 Bxc1 25.Bxc1 Ra8 26.Qd3 Qe5 27.c4 Ne4 28.Kg1 Ng3
29.Rd1 Rad8 30.cxd5 cxd5 31.Qb5 Qc3 32.Qd3 Qxd3 33.Rxd3 Rxf3 34.gxf3 Ne2+
35.Kf2 Nxc1 36.Rd2 d4 {#R} 0-1

[Event "ch-Moscow Women 2017"]
[Site "Moscow RUS"]
[Date "2017.04.05"]
[Round "5.3"]
[White "Gvanceladze,An"]
[Black "Akopova,A"]
[Result "1-0"]
[WhiteElo "2238"]
[BlackElo "2119"]

1.d4 Nf6 2.Nf3 d6 3.Bf4 Nbd7 4.e3 c5 5.c3 Qb6 6.Qb3 g6 7.Bc4 Qxb3 8.axb3 Nh5
9.Bg3 Nxg3 10.hxg3 e6 11.Na3 d5 12.Be2 Bd6 13.Nb5 Bb8 14.Ng5 h6 15.e4 dxe4
16.Nxe4 cxd4 17.Nxd4 Ke7 18.b4 e5 19.Nb3 f5 20.Ned2 e4 21.Nc4 Bc7 22.Nd4 a6
23.g4 Ne5 24.gxf5 Nxc4 25.Bxc4 gxf5 26.O-O-O Bd7 27.Bd5 Rab8 28.f3 e3 29.Ne2
f4 30.Rh4 Bf5 31.Nxf4 Kf6 32.Re1 Bb6 33.g3 a5 34.bxa5 Bxa5 35.Rxe3 b5 36.Rh5
b4 37.Be6 Rb5 38.Bxf5 Rxf5 39.Re6+ {#r} 1-0

[Event "ch-Moscow Women 2017"]
[Site "Moscow RUS"]
[Date "2017.04.05"]
[Round "5.5"]
[White "Mirzoeva,E"]
[Black "Zherebtsova,A"]
[Result "1-0"]
[WhiteElo "2279"]
[BlackElo "2222"]

1.Nf3 d5 2.d4 Nf6 3.c4 c6 4.Nc3 e6 5.Bg5 h6 6.Bxf6 Qxf6 7.e3 g6 8.Bd3 Bg7
9.O-O O-O 10.Qe2 Nd7 11.Rad1 Qe7 12.Rfe1 dxc4 13.Bxc4 e5 14.Qd2 Qb4 15.Qd3
Qxb2 16.Ne4 Qb4 17.Rb1 Qe7 {#r} 1-0

[Event "ch-Moscow Women 2017"]
[Site "Moscow RUS"]
[Date "2017.04.05"]
[Round "5.6"]
[White "Bogachkova,Alena"]
[Black "Kruglikova,Viktorija"]
[Result "1-0"]
[WhiteElo "2105"]
[BlackElo "1796"]

1.e4 c6 2.d4 d5 3.e5 Bf5 4.h4 h6 5.g4 Be4 6.f3 Bh7 7.e6 fxe6 8.Bd3 Bxd3 9.Qxd3
Kd7 10.Ne2 Na6 11.Nf4 Nf6 12.Qe2 Nc7 13.Ng6 Rg8 14.Bf4 Nb5 15.c3 Nd6 16.O-O
Nfe8 17.Nd2 Nc7 18.b3 Kc8 19.c4 Qe8 20.h5 Qf7 21.c5 Nde8 22.Qh2 b5 23.cxb6
axb6 24.Rfc1 Kb7 25.Rxc6 Qf6 26.Ne5 Nb5 27.Be3 Rd8 28.a4 Na7 29.Rc2 Nd6 30.Qe2
g6 31.Rac1 Ne8 32.hxg6 Rxg6 33.Nxg6 Qxg6 34.Bf4 Rd7 35.b4 Bg7 36.Nb3 e5
37.dxe5 Rc7 38.a5 Rxc2 39.Rxc2 Nc6 40.axb6 Nxb4 41.Nc5+ Kc8 42.Qb5 {#r} 1-0

[Event "ch-Moscow Women 2017"]
[Site "Moscow RUS"]
[Date "2017.04.05"]
[Round "5.9"]
[White "Yurovskikh,Yasmin"]
[Black "Sayafarova,Anna"]
[Result "1-0"]
[WhiteElo "1880"]
[BlackElo "1902"]

1.e4 e5 2.Bc4 Bc5 3.Qg4 Qf6 4.Nf3 Nc6 5.Qg3 d6 6.Nc3 Be6 7.d3 h6 8.O-O Nge7
9.a3 Nd4 10.Nxd4 Bxd4 11.Nb5 Bb6 12.Be3 Kd7 13.Rad1 Ng6 14.Bxe6+ fxe6 15.d4
Nf4 16.Bxf4 exf4 17.Qb3 a6 18.Nxd6 f3 19.Nc4 fxg2 20.Nxb6+ cxb6 21.Rfe1 Rhf8
22.Rd2 Qg5 23.Red1 b5 24.e5 Qh5 25.d5 Qxe5 26.dxe6+ Kc6 27.Qb4 Rae8 28.Rd6+
Kc7 29.Rd7+ Kc8 30.e7 Rg8 31.Qa5 {#r} 1-0

[Event "ch-Moscow Women 2017"]
[Site "Moscow RUS"]
[Date "2017.04.05"]
[Round "5.10"]
[White "Esaulova,Marfa"]
[Black "Kirchei,Viktoriia"]
[Result "1-0"]
[WhiteElo "1826"]
[BlackElo "1814"]

1.a4 e5 2.e3 d5 3.d4 e4 4.c4 c6 5.Ne2 Bb4+ 6.Bd2 Bxd2+ 7.Nxd2 Nf6 8.Nc3 Bg4
9.Qb3 Qd7 10.cxd5 cxd5 11.a5 a6 12.Na4 Ra7 13.Nc5 Qe7 14.Qb6 Nc6 15.Bxa6 Nd7
16.Nxd7 Rxa6 17.Qxb7 Nb4 18.O-O Bxd7 19.Qb8+ Qd8 20.Qxb4 h5 21.Qb7 Bc8 22.Qb5+
Kf8 23.Rfc1 Kg8 24.Rc5 Rd6 25.Qb8 Kh7 26.Rxc8 Qxc8 27.Qxd6 {#r} 1-0

[Event "Karpos Open 2017"]
[Site "Skopje MKD"]
[Date "2017.04.05"]
[Round "6.1"]
[White "Artemiev,V"]
[Black "Hovhannisyan,R"]
[Result "1-0"]
[WhiteElo "2677"]
[BlackElo "2619"]

1.d4 d5 2.c4 c6 3.Nf3 Nf6 4.Qc2 dxc4 5.e4 b5 6.b3 cxb3 7.axb3 e6 8.Bd2 a5
9.Bd3 Bb7 10.O-O Be7 11.Rc1 h6 12.Nc3 Na6 13.e5 Nb4 14.exf6 Nxc2 15.fxe7 Qxe7
16.Rxc2 a4 17.b4 Qxb4 18.d5 Qd6 19.Ne4 Qxd5 20.Nc5 f5 21.Bb4 O-O 22.Rd2 Qd6
23.Bc4 Qe7 24.Bxe6+ Kh7 25.Re1 Rae8 26.Rd7 Qf6 27.Rxb7 Qb2 28.Nd3 Qc2 29.Bxf8
Rxf8 30.Nf4 {#r} 1-0

[Event "Karpos Open 2017"]
[Site "Skopje MKD"]
[Date "2017.04.05"]
[Round "6.2"]
[White "Ter Sahakyan,S"]
[Black "Kozul,Z"]
[Result "1-0"]
[WhiteElo "2581"]
[BlackElo "2631"]

1.e4 c5 2.Nf3 d6 3.d4 cxd4 4.Nxd4 Nf6 5.Nc3 Nc6 6.f3 e5 7.Nb3 Be7 8.Be3 O-O
9.Qd2 Be6 10.Nd5 a5 11.c4 a4 12.Nc1 Bxd5 13.cxd5 Nd4 14.Ne2 Nxe2 15.Bxe2 Nd7
16.O-O Nc5 17.Rfd1 Rc8 18.Rac1 h6 19.Bxc5 dxc5 20.Qd3 Bg5 21.Rc3 Qb6 22.Qb5
Qxb5 23.Bxb5 Ra8 24.Kf2 Ra5 25.Be2 Rc8 26.d6 Bd8 27.Rd5 f6 28.g3 Bb6 29.Bc4
Kh7 30.f4 Rd8 31.Kf3 Ba7 32.Bf1 b5 33.d7 Bb6 34.Bh3 c4 35.fxe5 fxe5 36.Rxe5
Rf8+ 37.Rf5 Rxf5+ 38.Bxf5+ g6 39.Bh3 Kg7 40.e5 Kf7 41.Ke4 Ke7 42.a3 Bc7 43.Rf3
b4 44.e6 Re5+ 45.Kd4 c3 46.bxc3 bxa3 47.Rf7+ Kd8 48.e7+ {#r} 1-0